Michalovce

Zobrazenie: pohľad na sochu a fontánu na námestí

Bibliographic Details
Other Authors: Hrotková, Júlia (Photographer)
Format: Postcard
Language:Slovak
PhysicalDescription:1 pohľadnica farebná 15 x 11 cm
Published: Bratislava Pressfoto 1971
Subjects:

MARC

LEADER 00000nkm a2200000 a 4500
001 vtls011627161
003 SK-MaSNL
005 20260512122900.0
007 kp co
008 231206s1971 xo g kuslo
015 |a SNBG1971 
040 |a SNK  |b slo  |c SNK  |e AACR2 
041 0 |a slo 
043 |a e-xo--- 
044 |a xo  |c SK 
080 |a 908(437.6)  |2 2011 
080 |a (084.121)  |2 2011 
080 |a 625.712.4  |2 2011 
080 |a 711.61  |2 2011 
100 1 |a Hrotková, Júlia  |4 pht  |9 63141 
245 1 0 |a Michalovce  |h grafika  |c Foto: J. Hrotková 
260 |a Bratislava  |b Pressfoto  |c 1971 
300 |a 1 pohľadnica  |b farebná  |c 15 x 11 cm 
520 8 |a Zobrazenie: pohľad na sochu a fontánu na námestí 
650 0 7 |a námestia  |2 SNKPH  |9 26291 
651 7 |a Michalovce (Slovensko)  |2 SNKPH  |9 22487 
655 7 |a miestne pohľadnice  |2 SNKPH  |9 70510 
958 |a GC 
958 |a GBN 
958 |a OND 
999 |c 678293  |d 680223 
952 |a SNK  |b SNK  |y PREZ  |7 0  |p 17A1222388  |o snkSP 18003  |0 0  |1 0  |4 0  |d 2017-05-04  |f 1  |l 0  |r 2026-02-23 19:48:25  |w 2026-02-23